| 000 | 00479nam a22001697a 4500 | ||
|---|---|---|---|
| 003 | BD-DhUL | ||
| 005 | 20210120104138.0 | ||
| 008 | 210120b xxu||||| |||| 00| 0 eng d | ||
| 040 |
_aBD-DhUL _cBD-DhUL _dBD-DhUL |
||
| 082 |
_a340.05 _bLAW |
||
| 245 |
_a1907 the law reports : _bOf the incorporated council of law reporting / |
||
| 260 |
_aLondon, _b7, fleet street, e.c. _c1901. |
||
| 300 |
_a965 p. , _c22 cm. |
||
| 500 | _aIncludes index. | ||
| 650 | 0 | _aLaw | |
| 942 |
_2ddc _cBK |
||
| 999 |
_c253118 _d253118 |
||